KOHA-Header-6

Networks and Systems (Record no. 1937)

000 -LEADER
fixed length control field 00327nam a2200133Ia 4500
008 - FIXED-LENGTH DATA ELEMENTS--GENERAL INFORMATION
fixed length control field 190723s9999 xx 000 0 und d
020 ## - INTERNATIONAL STANDARD BOOK NUMBER
International Standard Book Number 978-81-224-2767-7
100 ## - MAIN ENTRY--PERSONAL NAME
Personal name Choudhusy D Ray
245 #0 - TITLE STATEMENT
Title Networks and Systems
250 ## - EDITION STATEMENT
Edition statement 2nd
260 ## - PUBLICATION, DISTRIBUTION, ETC. (IMPRINT)
Place of publication, distribution, etc New delhi
Name of publisher, distributor, etc New Age International
Date of publication, distribution, etc 2015
300 ## - PHYSICAL DESCRIPTION
Extent 946:p
942 ## - ADDED ENTRY ELEMENTS (KOHA)
Koha item type Books
Holdings
Withdrawn status Lost status Damaged status Not for loan Collection code Permanent Location Current Location Shelving location Date acquired Full call number Barcode Date last seen Price effective from Koha item type
      Not For Loan Computer Networking Computing and Engineering Library Block-D Computing and Engineering Library Block-D Shelf No.A33 2019-07-23 621.31 8560 2019-07-23 2019-07-23 Computer Networking

Powered by Koha